000 00792nam a22002415i 4500
001 176413
003 ES-MaACL
005 20230906220055.0
008 110113s1967 sp a |||| | spa d
080 _a616.34
100 0 _aDupuy, Raymond.
_9144739
245 1 4 _aLas consultas diarias en gastroenterología /
_cpor R. Dupuy ; versión española de J. García San Miguel.
250 _a1ª ed.
260 _aBarcelona :
_bToray-Masson,
_c1967.
300 _aVIII, 193 p. :
_bil. bl. y n. ;
_c22 cm.
490 1 _aLas consultas diarias ;
_v16
500 _aÍndice.
650 4 _aGastroenterología.
_9136168
700 1 _aGarcía San Miguel, Juan.
_955253
830 0 _aLas consultas diarias ;
_v16
_9190025
852 _aES-MaACL
_jE-14045
_xOlim p-210-Ter
999 _c176413
_d176413